000 00338 a2200133 4500
000 BKB
001 146253
005 20200902155450.0
008
100 1 _aPandey, I.M.
245 1 _aFinancial management
_cby I. M. Pandey
250 _a10th ed.
260 _a
_bVikas Publishing
_c2010
999 _c12451
_d12451